01517nam a2200361Ia 4500001001200000003000800012006001900020007001500039008004100054020001800095020002600113040002100139035002100160050002600181100002600207245006200233250001200295260005300307300001700360490004400377504005100421533015200472650004800624650004800672650006100720650006100781650006200842650006200904655002900966710001700995856012601012999001701138ebr10695133CaPaEBRm u cr cn|||||||||130511s2013 stk sb 001 0 eng d z9780748647422 z9780748647439 (ebook) aCaPaEBRcCaPaEBR a(OCoLC)84443679414aPR408.G68bS65 2013eb1 aSmith, Andrew,d1964-10aGothic literatureh[electronic resource] /cAndrew Smith. a2nd ed. aEdinburgh :bEdinburgh University Press,cc2013. axxvi, 240 p.0 aEdinburgh critical guides to literature aIncludes bibliographical references and index. aElectronic reproduction.bPalo Alto, Calif. :cebrary,d2013.nAvailable via World Wide Web.nAccess may be limited to ebrary affiliated libraries. 0aGothic revival (Literature)zGreat Britain. 0aGothic revival (Literature)zUnited States. 0aEnglish literaturey18th centuryxHistory and criticism. 0aEnglish literaturey19th centuryxHistory and criticism. 0aAmerican literaturey18th centuryxHistory and criticism. 0aAmerican literaturey19th centuryxHistory and criticism. 7aElectronic books.2local2 aebrary, Inc.40uhttp://site.ebrary.com/lib/rucke/Doc?id=10695133zAn electronic book accessible through the World Wide Web; click to view c23834d23834